000 00907nam a2200193Ia 4500
008 0000002007 pr a 0000000000spa00
020 _a615134637
090 _aPUS00 B17
245 1 0 _aBasquiat
_b: una antología para Puerto Rico
_b: obras sobre papel
_c/ textos Enrico Navarra ... [et al.] ; traducción Liliana Ramos Collado
300 _a144 p.
_c/ 30 cm.
500 _aExposición realizada en el Museo de Arte de Puerto Rico, San Juan (Puerto Rico), Octubre 20, 2006 Enero 7, 2007 \ Texto bilingue : español e inglés \ Registro auspiciado por la FGAA. Bogotá
600 0 0 _aBASQUIAT, JEAN MICHEL, 1960198/
_xTRABAJOS PICTORICOS
650 1 4 _xCATALOGOS
650 1 4 _xEXPOSICIONES
650 1 4 _aPINTORES ESTADOUNIDENSES
650 1 4 _aPINTURA ESTADOUNIDENSE
700 1 _aRamos Collado, Liliana, tr. \
999 _c9348
_d9348
260 _aSan Juan (Puerto Rico) : Museo de Arte de Puerto Rico
_c2007